Poder discrecional administrativo (Registro nro. 2633)
[ vista simple ]
| 000 -LEADER | |
|---|---|
| fixed length control field | 01684 a2200205 4500 |
| 001 - CONTROL NUMBER | |
| control field | 36305 |
| 005 - DATE AND TIME OF LATEST TRANSACTION | |
| control field | 20260407155639.0 |
| 008 - FIXED-LENGTH DATA ELEMENTS--GENERAL INFORMATION | |
| fixed length control field | 260407a1958 arg spa d |
| 003 - CONTROL NUMBER IDENTIFIER | |
| control field | AR-UNSa-BCEJYS |
| 040 ## - CATALOGING SOURCE | |
| Original cataloging agency | AR-UNSa-BCEJYS |
| Language of cataloging | spa |
| Transcribing agency | AR-UNSa-BCEJYS |
| 080 ## - UNIVERSAL DECIMAL CLASSIFICATION NUMBER | |
| Universal Decimal Classification number | 35 |
| Common auxiliary subdivision | Administración Pública |
| 041 ## - LANGUAGE CODE | |
| Language code of text/sound track or separate title | spa |
| 100 1# - MAIN ENTRY--PERSONAL NAME | |
| Personal name | Linares, Juan Francisco |
| 245 10 - TITLE STATEMENT | |
| Title | Poder discrecional administrativo |
| Name of part/section of a work | (arbitrio administrativo) |
| 264 #1 - PRODUCTION, PUBLICATION, DISTRIBUTION, MANUFACTURE, AND COPYRIGHT NOTICE | |
| Place of production, publication, distribution, manufacture | Buenos Aires : |
| Name of producer, publisher, distributor, manufacturer | Abeledo Perrot |
| Date of production, publication, distribution, manufacture, or copyright notice | 1958 |
| 300 ## - PHYSICAL DESCRIPTION | |
| Extent | 302 p. |
| Dimensions | 20 cm. |
| 505 ## - FORMATTED CONTENTS NOTE | |
| Formatted contents note | 1. Arbitrio ordinario y extraordinario - 2. Arbitrio ordinario, extraordinario y norma - 3. Totalidad del ordenamiento jurídico y el arbitrio - 4. Formulas elásticas aplicadas por normas generales o por normas individuales - 5. La fórmula elástica expresada, la construida y la explicitada - 6. Leyes de competencia y normas de competencia - 7. Fines de conducta y regla de especialidad - 8. Competencia y regla de especialidad - 9. Ubicación del contenido dogmático de finalidad en la norma - 10. Estado de derecho y legalidad de la administración - 11. Razonabilidad y valoración jurídica - 12. Las sanciones contra el organo administrativo - 13. El deber de razonabilidad a cargo de la administración en la república argentina - 14. Arbitrio administrativo ordinario y su ejercicio razonable e irrazonable - 15. Arbitrio extraordinario y su ejercicio razonable e irrazonable - 16. Relación entre las formulas de razonabilidad y de finalidad - 17. El acto administrativo con mero fundamento de razonabilidad - 18. Arbitrio administrativo y politica - 19. Recapitulación y género proximo |
| 590 ## - LOCAL NOTE (RLIN) | |
| Local note | niveau_biblio:m niveau_hierar:0 |
| 942 ## - ADDED ENTRY ELEMENTS (KOHA) | |
| Koha item type | |
| Withdrawn status | Lost status | Damaged status | Not for loan | Home library | Current library | Shelving location | Date acquired | Total checkouts | Full call number | Barcode | Date last seen | Price effective from | Koha item type |
|---|---|---|---|---|---|---|---|---|---|---|---|---|---|
| Biblioteca Prof. Eusebio Cleto del Rey | Biblioteca Prof. Eusebio Cleto del Rey | 07/04/2026 | 35 L735 | L125311 | 07/04/2026 | 07/04/2026 | Libro |